01370nam a22003377a 4500001000700000003000900007005001700016007000700033008003200040020001800072040001800090082002700108092002100135100003000156245007200186260004300258300002100301490000900322490001400331590002600345600006300371630005800434650002200492700003400514910004000548942001200588952013500600952014000735952014000875999001701015001009DO-SdBPM20241128112501.0001009160809b2006 sp || 00| 0 spa d a9788420470238 a bspacBPMSU 4a862.6 bM636t 2006222 axxxxxxxbxxxxxxx1 aMihura, Migueld1905-197710aTres sombreros de copa /cMiguel Mihura ; prólogo Manuel Longares aMadrid, España :bSantillana,c2006. a145 p. ;c20 cm.0 aRoja1 aAlfaguara aInventariado, 2024/VM14aMihura, Miguel, d1905-1977xCrítica e interpretación04aTres sombreros de copaxCrítica e interpretación. 4aTeatro español 1 aLongares, Manuel,eprólogo  aVMateo V. Control de calidad. BPMSU 2ddccBK 00102ddc40708CGaBPMETbBPMETd2016-08-09eALFAGUARAl0oBPMSU CG 862.6 M636t 2006pBPMSU16080132r2016-08-09w2016-08-09yBK 00102ddc40708CGaBPMETbBPMETd2016-08-09eALFAGUARAl0oBPMSU CG 862.6 M636t 2006pBPMSU16080133r2016-08-09te.2w2016-08-09yBK 00102ddc40708CGaBPMETbBPMETd2016-08-09eALFAGUARAl0oBPMSU CG 862.6 M636t 2006pBPMSU16080134r2016-08-09te.3w0000-00-00yBK c11135d11135